000 005100000a22001810004500
003 MACL
005 20160223132433.0
008 160223b xxu||||| |||| 00| 0 eng d
040 _aMACL
_cMACL
041 _aHindi
082 _a800
100 _aकन्‍हैयालाल म मुन्‍शी
_939626
245 _aशिशु और सखी
260 _bकिताब महल
_c1958
_aइलाहाबाद
350 _a3
650 _aLiterature
_939627
942 _cHIN
_k800
_2ddc
999 _c24767
_d24767